| 000 | 00693nam a22002177a 4500 | ||
|---|---|---|---|
| 003 | OSt | ||
| 005 | 20260130014854.0 | ||
| 008 | 260130b |||||||| |||| 00| 0 eng d | ||
| 020 | _a971-93149-0-7. | ||
| 040 |
_aDWC-Main Lib. _cOC |
||
| 082 |
_22005 ed. _aCirc. 610.73 B186 2004 |
||
| 100 | _aBalita, Carlito E. | ||
| 245 |
_aUltimate learning guide to nursing review/ _cCarlito E. Balita, |
||
| 260 |
_aQuezon City : _bSt. Louis Review Center, _cc2004. |
||
| 300 |
_a428 p. : _billustration. ; _c15 cm. |
||
| 650 | _a1. Nursing-Reviewer. | ||
| 700 | _aNathanielz, Remigia | ||
| 700 | _aIrigo Barcelo, Teresita R. | ||
| 760 | _b2005 ed. | ||
| 942 |
_2ddc _cBK-CIRC _e2005 ed. _hCirc. _n0 |
||
| 999 |
_c8013 _d8013 |
||